书目信息 |
| 题名: |
专四阅读
|
|
| 作者: | 叶常青 主编 | |
| 分册: | ||
| 出版信息: | 广州 世界图书出版广东有限公司 2022.11 |
|
| 页数: | 242页 | |
| 开本: | 26cm | |
| 丛书名: | ||
| 单 册: | ||
| 中图分类: | H319.37 | |
| 科图分类: | ||
| 主题词: | 英语--阅读教学--自学参考资料 | |
| 电子资源: | ||
| ISBN: | 978-7-5100-9518-4 | |
| 000 | 01036nam0 2200277 450 | |
| 001 | 2336227161 | |
| 005 | 20230421100458.61 | |
| 010 | @a978-7-5100-9518-4@dCNY69.80 | |
| 090 | @aH319.3@bycq | |
| 096 | @aH319.3@bycq | |
| 100 | @a20150930d2022 em y0chiy50 ea | |
| 101 | 0 | @achi@aeng |
| 102 | @aCN@b440000 | |
| 105 | @ay zq 000yy | |
| 200 | 1 | @a专四阅读 @9zhuan si yue du @e180篇@f叶常青主编 @g本书编写组编 |
| 210 | @a广州@c世界图书出版广东有限公司@d2022.11 | |
| 215 | @a242页@d26cm | |
| 300 | @a华研外语 | |
| 330 | @a本书提供180篇标准阅读训练,包括20篇题源阅读.帮助考生熟悉专四阅读文章,熟记核心词汇;60篇分类特训,让考生熟悉题材,分类强化词汇:80篇阅读模拟集训+20篇阅读高分冲刺,以标准套题形式设置,帮助考生增强实战感及提升阅读能力。 | |
| 512 | 1 | @a2016专四阅读180篇@92016 zhuan si yue du 180 pian |
| 517 | 1 | @a180篇@A180 Pian |
| 606 | 0 | @a英语@x阅读教学@j自学参考资料 |
| 690 | @aH319.37@v5 | |
| 701 | 0 | @a叶常青@c(英语)@9ye chang qing@4主编 |
| 801 | 0 | @aCN@b河南城建学院图书馆@c20150930 |
| 905 | @dH319.37@eY421 | |
| 专四阅读 :180篇/叶常青主编 /本书编写组编.-广州:世界图书出版广东有限公司,2022.11 |
| 242页;26cm |
| 华研外语 |
| ISBN 978-7-5100-9518-4:CNY69.80 |
| 本书提供180篇标准阅读训练,包括20篇题源阅读.帮助考生熟悉专四阅读文章,熟记核心词汇;60篇分类特训,让考生熟悉题材,分类强化词汇:80篇阅读模拟集训+20篇阅读高分冲刺,以标准套题形式设置,帮助考生增强实战感及提升阅读能力。 |
| ● |
| 相关链接 |
|
|
|
正题名:专四阅读
索取号:H319.37/Y421
 
预约/预借
| 序号 | 登录号 | 条形码 | 馆藏地/架位号 | 状态 | 备注 |
| 1 | 1504198 | 215041988 | 外国语学院资料室/ [索取号:H319.37/Y421] | 在馆 |